La iglesia local: Eclesiología de comunión y catolicidad

Uloženo v:
Podrobná bibliografie
Hlavní autor: Tillard, Jean-Marie R (Autor)
Médium: Kniha
Jazyk:španělština
Vydáno: Salamanca Sígueme 1999
Vydání:1a. ed
Edice:Verdad e Imagen, 146
Témata:
Tagy: Přidat tag
Žádné tagy, Buďte první, kdo vytvoří štítek k tomuto záznamu!

MARC

LEADER 00000cam a2200000 a 4500
001 UCC1836
003 CL-VaPUC
008 171201e19990000sp |||||||||||||||||spa|d
020 |a 8430113711 
082 0 4 |a 262.001  |b TIL  |2 21 
100 0 |a Tillard, Jean-Marie R  |e author  |9 595931 
245 1 3 |a La iglesia local: Eclesiología de comunión y catolicidad 
250 |a 1a. ed 
300 |a 626 p 
942 |c BK 
945 |d 20171201 13:56:00  |a dcastane 
260 |a Salamanca  |b Sígueme  |c 1999 
650 0 |a Eclesiología   |9 366152 
650 0 |a Cristianismo  |9 257361 
583 |a last modification  |c 20171201 13:56:00  |k Rodrigo Vera 
490 0 |a Verdad e Imagen, 146 
999 |c 370185  |d 370183 
952 |0 0  |1 0  |3 erb  |4 0  |6 262_001000000000000_TIL_1999  |7 0  |8 A  |9 486515  |a BIBTEO  |b BIBTEO  |i 5439981  |o 262.001 TIL 1999  |p 5439981  |r 2025-01-17  |w 2019-11-24  |y BK  |z Catalogado en:20171201  |k ICR